Univerzitné centrum - University Hole, Bratislava - interiér

Saved in:
Bibliographic Details
Main Author: Ráczová, Magdaléna, 1983- (Author)
Other Authors: Morávková, Katarína, 1965- (Thesis advisor)
Format: Manuscript Book
Language:Slovak
Published: Bratislava : STU v Bratislave FA, 2010
Subjects:
Online Access:VAIS
Tags: Add Tag
No Tags, Be the first to tag this record!

MARC

LEADER 00000ntm a22000003a 4500
001 stu219257
005 20220303094001.4
008 101211s2010----xo------------------slo-d
040 |a STU  |b slo 
041 0 |a slo 
044 |a xo 
100 1 |a Ráczová, Magdaléna,  |d 1983-  |4 aut  |u A  |T FAD Fakulta architektúry  |X 18900  |U A  |Y 50  |7 A000018900 
242 0 0 |a  University Center Hole, Bratislava - Interior  |y eng 
245 1 |a Univerzitné centrum - University Hole, Bratislava - interiér 
260 |a Bratislava :  |b STU v Bratislave FA,  |c 2010 
650 7 |a architektúra  |2 stusub 
650 7 |a architecture  |2 estusub 
650 7 |a interior  |2 estusub 
700 1 |a Morávková, Katarína,  |d 1965-  |4 ths  |u A5150  |U FAD Fakulta architektúry  |T FA Ústav interiéru a výstavníctva  |X 422  |U A5150  |Y 396  |7 A000000422 
856 4 |a info a plný text  |u http://is.stuba.sk/zp/portal_zp.pl?podrobnosti=62639  |3 VAIS  |u https://opac.crzp.sk/?fn=detailBiblioForm&sid=706B7159B114D32C9CBC9F92A485